[Event "GER KF-33 Class1 B2 email"]
[Site "GER email"]
[Date "2007.??.??"]
[Round "?"]
[White "Kobbe, Jens"]
[Black "Boehnke, Hartmut"]
[Result "1/2-1/2"]
[WhiteElo "2038"]
[BlackElo "2043"]
[PlyCount "71"]
[EventDate "2007.??.??"]
[EventType "tourn (corr)"]
[EventRounds "6"]
[EventCountry "GER"]
[SourceTitle "Corr 2008"]
[Source "ChessBase"]
[SourceDate "2008.06.24"]
[SourceVersion "1"]
[SourceVersionDate "2008.06.24"]
[SourceQuality "1"]

1. d4 e6 2. c4 Nf6 3. Nf3 b6 4. g3 Ba6 5. b3 Bb4+ 6. Bd2 Be7 7. Bg2 0-0 8. 0-0 Bb7 9. Nc3 d5 10. cxd5 exd5 11. Qc2 Na6 12. Rad1 Qc8 13. Bf4 c5 14. Rc1 h6 15. Nh4 Re8 16. Nf5 Bf8 17. a3 Qc6 18. dxc5 bxc5 19. b4 Qd7 20. bxc5 Rac8 21. Rfd1 Nxc5 22. Qb1 Kh8 23. Nb5 Re6 24. Nbd6 Rxd6 25. Bxd6 Bxd6 26. Nxd6 Qxd6 27. Rxc5 Qxc5 28. Qxb7 Qc2 29. Rf1 Rc7 30. Qb5 Qc4 31. Rb1 a6 32. Qb2 Rc5 33. e3 Rb5 34. Qa1 Rxb1+ 35. Qxb1 a5 36. Bf1 1/2-1/2

[Event "GER KF-33 Class1 B2 email"]
[Site "GER email"]
[Date "2007.??.??"]
[Round "?"]
[White "Priebe, Ralf"]
[Black "Kobbe, Jens"]
[Result "1/2-1/2"]
[WhiteElo "2089"]
[BlackElo "2038"]
[PlyCount "64"]
[EventDate "2007.??.??"]
[EventType "tourn (corr)"]
[EventRounds "6"]
[EventCountry "GER"]
[SourceTitle "Corr 2008"]
[Source "ChessBase"]
[SourceDate "2008.06.24"]
[SourceVersion "1"]
[SourceVersionDate "2008.06.24"]
[SourceQuality "1"]

1. d4 Nf6 2. c4 e6 3. Nf3 b6 4. g3 Ba6 5. Nbd2 Bb7 6. Bg2 c5 7. e4 cxd4 8. 0-0 Qc8 9. e5 Ng4 10. h3 Nh6 11. Nb3 Nc6 12. Bxh6 gxh6 13. Re1 Bg7 14. Nfxd4 Nxd4 15. Qxd4 Bxg2 16. Kxg2 Qc6+ 17. Qe4 Rc8 18. Rac1 Qxe4+ 19. Rxe4 Rf8 20. f4 f6 21. Rc2 fxe5 22. fxe5 b5 23. c5 Rf5 24. Rce2 Rf8 25. Rf4 h5 26. Rfe4 Ke7 27. a3 a6 28. a4 bxa4 29. Rxa4 Rf5 30. Rae4 Rg5 31. Kh2 Rc7 32. R4e3 a5 1/2-1/2